000 00326nam a2200133Ia 4500
008 210210b1934 xxu||||| |||| 00| 0 eng d
082 _a150/65
100 _aMcCARTHY, R.C.
245 _aTraining the adolescent.
260 _a
_bNot Mentioned
_c1934
650 _aAdolescent training
690 _aPsychology
906 _a001013
999 _c77529
_d77529